| 000 | 00995nam a22002537a 4500 | ||
|---|---|---|---|
| 005 | 20170124103029.0 | ||
| 010 | _aB-077363 | ||
| 020 | _c36.00 | ||
| 035 | _aB-077363 | ||
| 037 | _bCen Lib/Ret | ||
| 040 |
_aDPL _bHN |
||
| 082 |
_aक _bवर्मावी |
||
| 100 |
_aवर्मा, वीरेंद्र बहादुर _942583 |
||
| 245 |
_aप्रिंस चार्मिंग / _cवीरेंद्र बहादुर वर्मा |
||
| 246 |
_aPrince Charming / _bby Veerendra Bahadur Varma |
||
| 260 |
_aबरेली _bमुद्रण प्रकाशन _c2001 |
||
| 270 | _bबरेली | ||
| 300 |
_a99पृ.: _c19सेमी (सजिल्द) _bसचित्र |
||
| 650 |
_aहिन्दी साहित्य _963105 |
||
| 650 |
_a हिंदी कहानियां _92082 |
||
| 650 |
_aHindi literature _963106 |
||
| 650 |
_aHindi stories _963107 |
||
| 942 |
_2ddc _cHN _hक _mवर्मावी |
||
| 999 |
_c115759 _d115759 |
||